000 00862nam a2200253 a 4500
001 000016143
003 DO-SdBNP
005 20250502073819.0
007 ta
008 100226s1993 dr 001 0 spa d
040 _aDO-SdBNP
_bspa
_cBNPHU
082 4 _a351
_bA485p
_222
100 1 _aAmaro Guzmán, Raymundo
_9656
245 1 0 _aProntuario de servicio civil y carrera administrativa /
_cRaymundo amaro Guzmán.
260 _aSanto Domingo :
_bONAP,
_c1993.
300 _a53 p. ;
_c21 cm.
590 _aInventariado,2018/DG
650 0 _aAdministración pública
_99266
650 4 _aFunción pública
_xLegislación
_935787
650 0 _aCarrera administrativa
_zRepública Dominicana
_935844
710 1 _aRepública Dominicana.
_bOficina Nacional de Administración y Personal
_926398
910 _aValidado. Control de calidad. MAA
942 _2ddc
_cLBS1
999 _c15683
_d15683